[Event "49th Capablanca Premier 2014"]
[Site "Havana CUB"]
[Date "2014.05.08"]
[Round "1.1"]
[White "Quesada Perez, Yuniesky"]
[Black "Cordova, Emilio"]
[Result "0-1"]
[WhiteTitle "GM"]
[BlackTitle "GM"]
[WhiteElo "2642"]
[BlackElo "2616"]
[WhiteFideId "3504409"]
[BlackFideId "3801497"]
[EventDate "2014.05.08"]

1. e4 c5 2. Nf3 Nc6 3. Bb5 e6 4. O-O Nge7 5. Re1 Ng6 6. c3 a6 7. Bf1 Be7 8. d4
cxd4 9. cxd4 d5 10. e5 O-O 11. Be3 Bd7 12. Nc3 Qc7 13. g3 f6 14. exf6 Rxf6 15.
Bg2 Bd6 16. Ng5 h6 17. Nh3 Nge7 18. Rc1 Nf5 19. Qd2 Raf8 20. Nf4 Be8 21. Ncxd5
exd5 22. Nxd5 Qd8 23. Nxf6+ Qxf6 24. Bf4 Nfxd4 25. Bxd6 Qxd6 26. Red1 Qf6 27. f4
Bh5 28. Re1 Rd8 29. Qf2 Nb4 30. Rc3 Nb5 31. Qc5 Nxc3 32. Qxh5 Nd3 33. Re8+ Kh7
34. Re3 Nxb2 0-1

[Event "49th Capablanca Premier 2014"]
[Site "Havana CUB"]
[Date "2014.05.08"]
[Round "1.2"]
[White "Sambuev, Bator"]
[Black "Bacallao Alonso, Yusnel"]
[Result "1-0"]
[WhiteTitle "GM"]
[BlackTitle "GM"]
[WhiteElo "2562"]
[BlackElo "2522"]
[WhiteFideId "4128290"]
[BlackFideId "3507416"]
[EventDate "2014.05.08"]

1. Nf3 Nf6 2. c4 g6 3. Nc3 d5 4. cxd5 Nxd5 5. h4 h6 6. e4 Nxc3 7. bxc3 Bg7 8. d4
c5 9. Be2 Nd7 10. O-O O-O 11. Bf4 Nf6 12. Qd3 Bg4 13. Rab1 Nh5 14. Bh2 cxd4 15.
cxd4 b6 16. d5 e6 17. d6 e5 18. Rb5 Nf4 19. Bxf4 exf4 20. Rd1 Rc8 21. h5 Bd7 22.
Rd5 Be6 23. hxg6 fxg6 24. d7 Rc3 25. Qd2 Bxd5 26. Qxd5+ Kh7 27. e5 Rc5 28. Qe6
Rg8 29. Bc4 Rxc4 1-0

[Event "49th Capablanca Premier 2014"]
[Site "Havana CUB"]
[Date "2014.05.08"]
[Round "1.3"]
[White "Bogner, Sebastian"]
[Black "Gonzalez Vidal, Yuri"]
[Result "1-0"]
[WhiteTitle "GM"]
[BlackTitle "GM"]
[WhiteElo "2593"]
[BlackElo "2561"]
[WhiteFideId "4692055"]
[BlackFideId "3503321"]
[EventDate "2014.05.08"]

1. d4 Nf6 2. c4 e6 3. Nf3 d5 4. Nc3 Bb4 5. Qa4+ Nc6 6. Bg5 h6 7. Bxf6 Qxf6 8. e3
O-O 9. Be2 dxc4 10. O-O a6 11. Bxc4 Bd7 12. Qc2 Bd6 13. Rac1 Rac8 14. Rfd1 Qe7
15. Ne4 Rfd8 16. a3 Qe8 17. Ba2 Ne7 18. Nc5 Bc6 19. Bb1 Ng6 20. Qe2 Nf8 21. h3
Qe7 22. b4 Nh7 23. Be4 Bxe4 24. Nxe4 c6 25. Nc5 Nf6 26. Ne5 Bxe5 27. dxe5 Ne8
28. f4 Qc7 29. Kf2 Qb6 30. Nd7 Qc7 31. Nc5 Qb6 32. Kf3 Qc7 33. Rxd8 Rxd8 34. Rd1
Rd5 35. e4 Rxd1 36. Qxd1 a5 37. Qd4 axb4 38. axb4 Kf8 39. f5 Ke7 40. g4 b6 41.
Na4 b5 42. Nc5 Qa7 43. Qb2 exf5 44. gxf5 Qc7 45. Qd4 Qa7 46. f6+ 1-0

[Event "49th Capablanca Premier 2014"]
[Site "Havana CUB"]
[Date "2014.05.08"]
[Round "1.4"]
[White "Hevia Alejano, Carlos Antonio"]
[Black "Dvirnyy, Danyyil"]
[Result "1/2-1/2"]
[WhiteTitle "IM"]
[BlackTitle "GM"]
[WhiteElo "2530"]
[BlackElo "2560"]
[WhiteFideId "3508811"]
[BlackFideId "817570"]
[EventDate "2014.05.08"]

1. e4 e5 2. Nf3 Nc6 3. Bb5 Nf6 4. O-O Nxe4 5. d4 Nd6 6. Bxc6 dxc6 7. dxe5 Nf5 8.
Qxd8+ Kxd8 9. Rd1+ Ke8 10. Nc3 h5 11. Ne2 Be7 12. b3 Nh4 13. Nxh4 Bxh4 14. Bb2
Be7 15. c4 Bf5 16. Bc3 Rd8 17. Ba5 Rd7 18. Nd4 Bg4 19. f3 Bc5 20. Bc3 Bf5 21.
Kf1 Bxd4 22. Rxd4 Rxd4 23. Bxd4 b6 24. c5 Ke7 25. Ke2 Be6 26. Ke3 Ra8 27. b4 Bd5
28. a4 Ke6 29. a5 bxa5 30. Rxa5 a6 31. Ra1 Bc4 32. Ke4 Rb8 33. Bc3 Rd8 34. b5
axb5 35. Bd4 Rg8 36. Bc3 Rd8 37. Bd4 g5 38. Rd1 Rg8 39. Bc3 g4 40. Ke3 gxf3 41.
gxf3 Rg2 42. Rd2 Rxd2 1/2-1/2

[Event "49th Capablanca Premier 2014"]
[Site "Havana CUB"]
[Date "2014.05.08"]
[Round "1.5"]
[White "Ortiz Suarez, Isan Reynaldo"]
[Black "Quesada Perez, Yasser"]
[Result "1-0"]
[WhiteTitle "GM"]
[BlackTitle "FM"]
[WhiteElo "2588"]
[BlackElo "2493"]
[WhiteFideId "3507165"]
[BlackFideId "3509362"]
[EventDate "2014.05.08"]

1. c4 Nf6 2. Nc3 e6 3. Nf3 d5 4. d4 dxc4 5. e4 Bb4 6. Bxc4 Nxe4 7. O-O Nxc3 8.
bxc3 Be7 9. Ne5 O-O 10. Qg4 Nd7 11. Bh6 Bf6 12. Rfe1 Kh8 13. Bf4 g6 14. Rad1 Bg7
15. Rd3 Nxe5 16. dxe5 Qe7 17. Rh3 Kg8 18. Bg5 f6 19. Qh4 h5 20. exf6 Bxf6 21.
Rg3 Qg7 22. Bd3 Bxc3 23. Be3 Rf6 24. Rc1 Be5 25. Rg5 Rf5 26. Bxf5 exf5 27. Qc4+
Kh7 28. f4 Bf6 29. Rg3 c6 30. Rd1 Bd7 31. Bd4 Be6 32. Bxf6 Qxf6 33. Qb4 b6 34.
Qd6 Rf8 35. Qxc6 Bxa2 36. Qxf6 Rxf6 37. Ra3 Bf7 38. Rxa7 Kh6 39. Rdd7 Bg8 40. h4
Rf8 41. Rab7 Rf6 42. Kf2 b5 43. Rxb5 Bf7 44. Rbb7 Kg7 45. Ke3 Kf8 46. Kd4 Be8
47. Rd8 Re6 48. Kd5 Re2 49. Rbb8 Kf7 50. Rxe8 1-0

[Event "49th Capablanca Premier 2014"]
[Site "Havana CUB"]
[Date "2014.05.09"]
[Round "2.1"]
[White "Cordova, Emilio"]
[Black "Quesada Perez, Yasser"]
[Result "1/2-1/2"]
[WhiteTitle "GM"]
[BlackTitle "FM"]
[WhiteElo "2616"]
[BlackElo "2493"]
[WhiteFideId "3801497"]
[BlackFideId "3509362"]
[EventDate "2014.05.08"]

1. c4 Nf6 2. Nc3 e5 3. g3 d5 4. cxd5 Nxd5 5. Bg2 Nb6 6. Nf3 Nc6 7. O-O Be7 8. d3
O-O 9. a3 Re8 10. b4 Bf8 11. Bb2 a5 12. b5 Nd4 13. Nxd4 exd4 14. Ne4 a4 15. Rb1
Ra5 16. Ba1 Bxa3 17. e3 dxe3 18. fxe3 Be7 19. Qh5 f5 20. g4 g6 21. Qh3 Rf8 22.
gxf5 Rxf5 23. Rxf5 Bxf5 24. Qh6 Bf8 25. Qf4 Bg7 26. Bxg7 Kxg7 27. Nc5 Qd6 28.
Qb4 Ra7 29. e4 Be6 30. Rf1 Ra8 31. Qc3+ Kg8 32. e5 Qe7 33. Bxb7 Rf8 34. Rxf8+
Kxf8 35. Nxe6+ Qxe6 36. Qxc7 Qg4+ 37. Kf2 Qd4+ 38. Ke2 a3 39. Be4 a2 40. e6 Qb2+
41. Ke3 Nc4+ 42. dxc4 Qc1+ 43. Ke2 Qb2+ 44. Ke3 Qc1+ 1/2-1/2

[Event "49th Capablanca Premier 2014"]
[Site "Havana CUB"]
[Date "2014.05.09"]
[Round "2.2"]
[White "Dvirnyy, Danyyil"]
[Black "Ortiz Suarez, Isan Reynaldo"]
[Result "0-1"]
[WhiteTitle "GM"]
[BlackTitle "GM"]
[WhiteElo "2560"]
[BlackElo "2588"]
[WhiteFideId "817570"]
[BlackFideId "3507165"]
[EventDate "2014.05.08"]

1. c4 c5 2. g3 g6 3. Bg2 Bg7 4. Nc3 Nc6 5. a3 d6 6. Rb1 e6 7. Nf3 Nge7 8. d3 O-O
9. O-O b6 10. Bd2 Bb7 11. b4 Qd7 12. Qa4 Rad8 13. Rfd1 h6 14. e3 Ba8 15. Nb5 g5
16. Bc3 e5 17. Ba1 f5 18. Nc3 g4 19. Nd2 h5 20. Nd5 Ng6 21. Bc3 h4 22. Qc2 Nce7
23. Nxe7+ Qxe7 24. Bxa8 Rxa8 25. bxc5 dxc5 26. a4 Rad8 27. a5 Rd6 28. axb6 axb6
29. Nf1 f4 30. exf4 exf4 31. Re1 Qf7 32. Bxg7 Kxg7 33. Re4 Rf6 34. Rb2 hxg3 35.
hxg3 fxg3 36. Nxg3 Nf4 37. Kf1 Qg6 38. Qd1 Kh8 39. Qa1 Qg7 40. Rxb6 Rxb6 41.
Qxg7+ Kxg7 42. Rxf4 Rxf4 43. Nh5+ Kg6 44. Nxf4+ Kf5 45. Nd5 Rb2 46. Ne7+ Ke5 47.
Ng6+ Kf6 48. Nf4 Kf5 49. Nh5 Ke5 50. Ke1 Ra2 51. Ng3 Kd4 52. Ne2+ Ke5 53. Ng3
Ra7 54. Ke2 Re7 55. Ke3 Rf7 56. Nf1 Rf3+ 57. Ke2 Kf4 58. Nd2 Rh3 59. Ne4 Rh5 60.
Kf1 Re5 61. Kg2 Rf5 62. Kf1 Rh5 63. Kg2 Re5 64. Kf1 Rf5 65. Kg2 Rh5 66. Kf1 Rh8
67. Kg2 Rc8 68. Kf1 Ke5 69. Ke2 Kd4 70. Nd6 Rf8 71. Nb5+ Ke5 72. Ke3 Re8 73. Nc7
Rh8 74. Nb5 Rh6 75. Ke2 Kf4 76. Nc7 Rh2 77. Nd5+ Ke5 78. Ke3 Rh3+ 79. Ke2 Kd4
80. Ne3 Rh8 81. Nxg4 Ra8 82. Ne3 Ra2+ 83. Kf3 Kxd3 84. Kg3 Ra8 85. Kg2 Ke2 0-1

[Event "49th Capablanca Premier 2014"]
[Site "Havana CUB"]
[Date "2014.05.09"]
[Round "2.3"]
[White "Gonzalez Vidal, Yuri"]
[Black "Hevia Alejano, Carlos Antonio"]
[Result "1/2-1/2"]
[WhiteTitle "GM"]
[BlackTitle "IM"]
[WhiteElo "2561"]
[BlackElo "2530"]
[WhiteFideId "3503321"]
[BlackFideId "3508811"]
[EventDate "2014.05.08"]

1. e4 c5 2. Nf3 e6 3. d4 cxd4 4. Nxd4 Nc6 5. Nc3 Qc7 6. Be3 a6 7. Qd2 Nf6 8. f4
b5 9. e5 b4 10. Ncb5 axb5 11. Nxb5 Qb8 12. exf6 gxf6 13. c4 bxc3 14. bxc3 Be7
15. Be2 h5 16. O-O Rg8 17. Rab1 Na5 18. Rfd1 d5 19. f5 Qe5 20. Bd4 Qb8 21. Na7
Qc7 22. Nxc8 Rxc8 23. fxe6 fxe6 24. Bxh5+ Kd7 25. Qe2 Bd6 26. h3 Be5 27. Bg4 Ke7
28. Rb5 Nc4 29. Rdb1 Rb8 30. a4 f5 31. Bf3 Rxb5 32. axb5 Bxd4+ 33. cxd4 Qf4 34.
Rd1 Kf6 35. Kh1 Rb8 36. Re1 Rb6 37. Qa2 Nd2 38. Qa8 Nxf3 39. Qf8+ Kg6 40. Qg8+
Kf6 41. gxf3 Qxf3+ 42. Kg1 f4 43. Qd8+ Kf7 44. Qxb6 Qg3+ 45. Kf1 1/2-1/2

[Event "49th Capablanca Premier 2014"]
[Site "Havana CUB"]
[Date "2014.05.09"]
[Round "2.4"]
[White "Bacallao Alonso, Yusnel"]
[Black "Bogner, Sebastian"]
[Result "1-0"]
[WhiteTitle "GM"]
[BlackTitle "GM"]
[WhiteElo "2522"]
[BlackElo "2593"]
[WhiteFideId "3507416"]
[BlackFideId "4692055"]
[EventDate "2014.05.08"]

1. Nf3 Nf6 2. c4 g6 3. Nc3 d6 4. d4 Bf5 5. g3 Bg7 6. Bg2 Ne4 7. h4 Nxc3 8. bxc3
h5 9. Ng5 Nc6 10. O-O O-O 11. e4 Bd7 12. f4 f6 13. Nf3 e5 14. f5 gxf5 15. exf5
Bxf5 16. Nxe5 fxe5 17. Bd5+ Kh8 18. Qxh5+ Bh7 19. Bg5 Qe8 20. Rxf8+ Qxf8 21. Rf1
Qe8 22. Rf7 exd4 23. Bf6 Qe3+ 24. Kg2 1-0

[Event "49th Capablanca Premier 2014"]
[Site "Havana CUB"]
[Date "2014.05.09"]
[Round "2.5"]
[White "Quesada Perez, Yuniesky"]
[Black "Sambuev, Bator"]
[Result "1-0"]
[WhiteTitle "GM"]
[BlackTitle "GM"]
[WhiteElo "2642"]
[BlackElo "2562"]
[WhiteFideId "3504409"]
[BlackFideId "4128290"]
[EventDate "2014.05.08"]

1. e4 e5 2. Nf3 d6 3. d4 Nf6 4. dxe5 Nxe4 5. Qd5 Nc5 6. Bg5 Qd7 7. exd6 Bxd6 8.
Nc3 O-O 9. O-O-O Nc6 10. Bb5 Qg4 11. h3 Qb4 12. Be3 Ne7 13. Qc4 Qxc4 14. Bxc4
Nf5 15. Bd2 Be6 16. Be2 Be7 17. Bf4 Bd6 18. Bxd6 Nxd6 19. Nd4 a5 20. Bf3 Rad8
21. Rhe1 Rfe8 22. Re5 b6 23. Bc6 Bd7 24. Rxe8+ Nxe8 25. Ndb5 Kf8 26. a3 Bxc6 27.
Rxd8 Ke7 28. Rd1 Bxg2 29. h4 g6 30. Nd5+ Bxd5 31. Rxd5 h5 32. Re5+ Kd8 33. Nd4
Nd6 34. f3 Kc8 35. f4 Nd7 36. Re1 c5 37. Nf3 Nf6 38. a4 Nfe4 39. Ng5 Ng3 40. Nf3
Ngf5 41. c3 Ng7 42. Kc2 Kd8 43. b3 Ngf5 44. b4 cxb4 45. cxb4 axb4 46. Kb3 Ne7
47. Rd1 Kc7 48. Kxb4 Nc6+ 49. Ka3 Ne7 50. Kb3 Nef5 51. Kb4 Ne3 52. Rd3 Nef5 53.
Nd4 Nxd4 54. Rxd4 Kc6 55. Rd1 Kc7 56. Re1 Kd7 57. Rc1 Kd8 58. Rc6 Kd7 59. Rxb6
Kc7 60. a5 f6 61. Kc5 Ne4+ 62. Kd4 Nd6 63. Kd5 Nf5 64. Rxf6 Nxh4 65. Rf7+ 1-0

[Event "49th Capablanca Premier 2014"]
[Site "Havana CUB"]
[Date "2014.05.10"]
[Round "3.1"]
[White "Sambuev, Bator"]
[Black "Cordova, Emilio"]
[Result "0-1"]
[WhiteTitle "GM"]
[BlackTitle "GM"]
[WhiteElo "2562"]
[BlackElo "2616"]
[WhiteFideId "4128290"]
[BlackFideId "3801497"]
[EventDate "2014.05.08"]

1. d4 e6 2. Nf3 Nf6 3. e3 b6 4. Bd3 Bb7 5. O-O c5 6. c4 Be7 7. Nc3 cxd4 8. exd4
d5 9. cxd5 Nxd5 10. Ne5 O-O 11. Qg4 Nf6 12. Qh4 Nc6 13. Bg5 Nxe5 14. Bxf6 Nxd3
15. Bxe7 Qc7 16. Bxf8 Rxf8 17. Nd1 Rd8 18. Ne3 f6 19. Rab1 g5 20. Qg4 Nf4 21. d5
h5 22. Qd1 exd5 23. Qb3 Kh8 24. Rfe1 d4 25. Nf5 Qd7 26. Nxd4 Nxg2 27. Red1 Nh4
28. Ne6 Nf3+ 29. Kf1 Bd5 30. Nxd8 Qh3+ 31. Ke2 Bxb3 32. axb3 Ne5 33. Ra1 Qf3+
34. Kd2 a5 35. Ra3 Qxf2+ 36. Kc1 Qe3+ 37. Kc2 Qe2+ 38. Rd2 Qe4+ 39. Kc3 b5 0-1

[Event "49th Capablanca Premier 2014"]
[Site "Havana CUB"]
[Date "2014.05.10"]
[Round "3.2"]
[White "Bogner, Sebastian"]
[Black "Quesada Perez, Yuniesky"]
[Result "1/2-1/2"]
[WhiteTitle "GM"]
[BlackTitle "GM"]
[WhiteElo "2593"]
[BlackElo "2642"]
[WhiteFideId "4692055"]
[BlackFideId "3504409"]
[EventDate "2014.05.08"]

1. Nf3 Nf6 2. c4 b6 3. d4 e6 4. g3 Bb7 5. Bg2 Be7 6. O-O O-O 7. Nc3 Ne4 8. Bd2
Bf6 9. Qc2 Nxd2 10. Qxd2 d6 11. Rad1 Nd7 12. e4 g6 13. d5 Ne5 14. Nxe5 Bxe5 15.
f4 Bg7 16. dxe6 fxe6 17. e5 Bxg2 18. Qxg2 Qe7 19. exd6 cxd6 20. h3 Rad8 21. Rd3
Rd7 22. Qe2 Re8 23. Kg2 Bxc3 24. Rxc3 d5 25. Rd3 Qf7 26. b3 Rb7 27. Re3 dxc4 28.
Qxc4 e5 29. Qxf7+ Kxf7 1/2-1/2

[Event "49th Capablanca Premier 2014"]
[Site "Havana CUB"]
[Date "2014.05.10"]
[Round "3.3"]
[White "Hevia Alejano, Carlos Antonio"]
[Black "Bacallao Alonso, Yusnel"]
[Result "0-1"]
[WhiteTitle "IM"]
[BlackTitle "GM"]
[WhiteElo "2530"]
[BlackElo "2522"]
[WhiteFideId "3508811"]
[BlackFideId "3507416"]
[EventDate "2014.05.08"]

1. d4 d5 2. c4 c6 3. Nc3 dxc4 4. e3 b5 5. a4 b4 6. Ne4 Qd5 7. Ng3 Nf6 8. Be2 Ba6
9. e4 Nxe4 10. Bf3 f5 11. N1e2 Nd7 12. Nf4 Qf7 13. Nxe4 fxe4 14. Bg4 e5 15. Be6
Qe7 16. Qh5+ Kd8 17. Bxd7 Kxd7 18. dxe5 Kc7 19. e6 g5 20. Ng6 Qe8 21. Bf4+ gxf4
22. O-O-O Qxe6 23. Nxh8 f3 24. Nf7 c3 25. Qa5+ Kb7 26. Nd8+ Rxd8 27. Qxd8 Bd3
28. Rxd3 exd3 29. Qxd3 Qa2 30. Qxh7+ Kb8 31. Qc2 Bh6+ 0-1

[Event "49th Capablanca Premier 2014"]
[Site "Havana CUB"]
[Date "2014.05.10"]
[Round "3.4"]
[White "Ortiz Suarez, Isan Reynaldo"]
[Black "Gonzalez Vidal, Yuri"]
[Result "1/2-1/2"]
[WhiteTitle "GM"]
[BlackTitle "GM"]
[WhiteElo "2588"]
[BlackElo "2561"]
[WhiteFideId "3507165"]
[BlackFideId "3503321"]
[EventDate "2014.05.08"]

1. Nf3 Nf6 2. c4 e6 3. Nc3 d5 4. d4 Bb4 5. Qa4+ Nc6 6. Bg5 h6 7. Bxf6 Qxf6 8. e3
O-O 9. Be2 Bd7 10. Qc2 dxc4 11. O-O Na5 12. Ne5 Qe7 13. Nxc4 Nxc4 14. Bxc4 c5
15. d5 Bxc3 16. Qxc3 exd5 17. Bxd5 Rad8 18. Qa3 Bb5 19. Rfd1 Be2 20. Rd2 Bc4 21.
Rad1 Bxd5 22. Rxd5 Rxd5 23. Rxd5 Rd8 24. Qd3 Rxd5 25. Qxd5 b6 1/2-1/2

[Event "49th Capablanca Premier 2014"]
[Site "Havana CUB"]
[Date "2014.05.10"]
[Round "3.5"]
[White "Quesada Perez, Yasser"]
[Black "Dvirnyy, Danyyil"]
[Result "1/2-1/2"]
[WhiteTitle "FM"]
[BlackTitle "GM"]
[WhiteElo "2493"]
[BlackElo "2560"]
[WhiteFideId "3509362"]
[BlackFideId "817570"]
[EventDate "2014.05.08"]

1. e4 e5 2. Nf3 Nc6 3. Bb5 Nf6 4. O-O Nxe4 5. Re1 Nd6 6. Nxe5 Be7 7. Bd3 Nxe5 8.
Rxe5 O-O 9. Nc3 c6 10. b3 Ne8 11. Bb2 Bf6 12. Re1 Nc7 13. Ba3 Re8 14. Rxe8+ Nxe8
15. Qe2 d5 16. Re1 Be6 17. Na4 b6 18. Bb2 Bxb2 19. Nxb2 Qf6 20. c3 Nd6 21. Bb1
g6 1/2-1/2

[Event "49th Capablanca Premier 2014"]
[Site "Havana CUB"]
[Date "2014.05.11"]
[Round "4.1"]
[White "Cordova, Emilio"]
[Black "Dvirnyy, Danyyil"]
[Result "1/2-1/2"]
[WhiteTitle "GM"]
[BlackTitle "GM"]
[WhiteElo "2616"]
[BlackElo "2560"]
[WhiteFideId "3801497"]
[BlackFideId "817570"]
[EventDate "2014.05.08"]
[EventType "tourn"]

1. Nf3 d5 2. b3 Nf6 3. Bb2 Bg4 4. e3 Nbd7 5. Be2 c6 6. d3 g6 7. Nbd2 Bg7 8. h3
Bxf3 9. Nxf3 a5 10. a3 O-O 11. O-O Ne8 12. Bxg7 Kxg7 13. c4 e6 14. Qc2 Qf6 15.
Rab1 Nd6 16. Rfc1 h5 17. Qd2 Rfd8 18. c5 Nf5 19. b4 axb4 20. Rxb4 Ra7 21. a4 e5
22. e4 dxe4 23. dxe4 Nf8 24. Qb2 Nd4 25. Nxd4 exd4 26. Bc4 Nd7 27. Bb3 Ne5 28.
Qd2 g5 29. Rf1 Qf4 30. Qd1 g4 31. Rxd4 Rxd4 32. Qxd4 gxh3 33. g3 Qf3 34. Qxe5+
Kf8 35. Qd6+ Kg7 36. Qe5+ Kf8 37. Qd6+ 1/2-1/2

[Event "49th Capablanca Premier 2014"]
[Site "Havana CUB"]
[Date "2014.05.11"]
[Round "4.2"]
[White "Gonzalez Vidal, Yuri"]
[Black "Quesada Perez, Yasser"]
[Result "1/2-1/2"]
[WhiteTitle "GM"]
[BlackTitle "FM"]
[WhiteElo "2561"]
[BlackElo "2493"]
[WhiteFideId "3503321"]
[BlackFideId "3509362"]
[EventDate "2014.05.08"]
[EventType "tourn"]

1. e4 e5 2. Nf3 Nc6 3. Bb5 a6 4. Ba4 Nf6 5. d3 Bc5 6. O-O b5 7. Bb3 d6 8. a4 Rb8
9. axb5 axb5 10. Be3 O-O 11. c3 h6 12. Nbd2 Re8 13. h3 Bb6 14. Nh4 d5 15. Bxb6
Rxb6 16. Ra8 Rb8 17. Rxb8 Nxb8 18. Qf3 Be6 19. Rd1 c6 20. Nf5 Kh7 21. Bc2 g6 22.
Ng3 dxe4 23. Ndxe4 Nxe4 24. dxe4 Qg5 25. Nf1 Rd8 26. Rxd8 Qxd8 1/2-1/2

[Event "49th Capablanca Premier 2014"]
[Site "Havana CUB"]
[Date "2014.05.11"]
[Round "4.3"]
[White "Bacallao Alonso, Yusnel"]
[Black "Ortiz Suarez, Isan Reynaldo"]
[Result "1-0"]
[WhiteTitle "GM"]
[BlackTitle "GM"]
[WhiteElo "2522"]
[BlackElo "2588"]
[WhiteFideId "3507416"]
[BlackFideId "3507165"]
[EventDate "2014.05.08"]
[EventType "tourn"]

1. d4 f5 2. Bg5 g6 3. Nd2 Bg7 4. e3 Nh6 5. Ngf3 Nf7 6. h4 Nc6 7. Bc4 d5 8. Bb5
O-O 9. h5 Bd7 10. Bf4 e6 11. hxg6 hxg6 12. Nb3 b6 13. Qe2 Nb8 14. Ne5 Nxe5 15.
Bxe5 c5 16. Bxd7 Nxd7 17. f4 Rc8 18. c3 c4 19. Nd2 Bxe5 20. dxe5 Nc5 21. O-O-O
Kg7 22. g4 Qe8 23. gxf5 exf5 24. Nf3 Nd3+ 25. Kb1 Rh8 26. Qg2 Qf7 27. Ng5 Qd7
28. Rdg1 Nc5 29. Ne4 Qe6 30. Nf6 Qf7 31. Rxh8 Rxh8 32. Rh1 Ne4 33. Rxh8 Kxh8 34.
Qh2+ Kg7 35. Qh7+ Kf8 36. Qh8+ Ke7 37. Nxe4 dxe4 38. Qa8 Qe6 39. Qxa7+ Kf8 40.
Qb8+ Kg7 41. Qc7+ Kf8 42. Qd8+ Kf7 43. Kc2 Qc6 44. Kd2 Qb5 45. Ke2 Kg7 46. Kf2
Qa6 47. Kg3 Qa7 48. Qf6+ Kh7 49. Kh4 Qxa2 50. Qf7+ Kh6 51. Qf8+ Kh7 52. Kg5 Qa7
53. e6 1-0

[Event "49th Capablanca Premier 2014"]
[Site "Havana CUB"]
[Date "2014.05.11"]
[Round "4.4"]
[White "Quesada Perez, Yuniesky"]
[Black "Hevia Alejano, Carlos Antonio"]
[Result "1-0"]
[WhiteTitle "GM"]
[BlackTitle "IM"]
[WhiteElo "2642"]
[BlackElo "2530"]
[WhiteFideId "3504409"]
[BlackFideId "3508811"]
[EventDate "2014.05.08"]
[EventType "tourn"]

1. e4 c5 2. Nf3 e6 3. d4 cxd4 4. Nxd4 Nc6 5. Nc3 Qc7 6. Be3 a6 7. Qd2 Nf6 8.
O-O-O Bb4 9. f3 Ne7 10. Nde2 d5 11. Bg5 dxe4 12. Bxf6 gxf6 13. Qd4 exf3 14. Qxb4
fxe2 15. Bxe2 f5 16. Qd4 e5 17. Qa4+ Bd7 18. Bb5 Bc6 19. Rhe1 O-O 20. Bxc6 bxc6
21. g4 f4 22. Qe4 f6 23. Qc4+ Rf7 24. Qe6 Nd5 25. Nxd5 cxd5 26. Rxd5 Qc8 27.
Qxc8+ Rxc8 28. g5 fxg5 29. Rdxe5 h6 30. R1e2 Kh7 31. Kd1 f3 32. Rf2 Rd8+ 33. Ke1
g4 34. c4 Rfd7 35. Kf1 Rd1+ 36. Re1 Kg6 37. c5 1-0

[Event "49th Capablanca Premier 2014"]
[Site "Havana CUB"]
[Date "2014.05.11"]
[Round "4.5"]
[White "Sambuev, Bator"]
[Black "Bogner, Sebastian"]
[Result "0-1"]
[WhiteTitle "GM"]
[BlackTitle "GM"]
[WhiteElo "2562"]
[BlackElo "2593"]
[WhiteFideId "4128290"]
[BlackFideId "4692055"]
[EventDate "2014.05.08"]
[EventType "tourn"]

1. e4 c5 2. Ne2 Nf6 3. e5 Nd5 4. Nbc3 Nxc3 5. dxc3 Nc6 6. Bf4 Qb6 7. Rb1 e6 8.
Qd3 Qc7 9. Qg3 b5 10. Ng1 a6 11. Nf3 Bb7 12. Nd2 Ne7 13. Bd3 Nd5 14. Be4 Nxf4
15. Qxf4 d5 16. exd6 Bxd6 17. Qf3 O-O-O 18. a4 e5 19. Bxb7+ Qxb7 20. axb5 axb5
21. Ra1 Qxf3 22. Nxf3 Kb7 23. O-O Bc7 24. b4 f5 25. bxc5 Ra8 26. Rab1 Kc6 27.
Rfe1 Rhe8 28. g4 fxg4 29. Ng5 h6 30. Ne4 Ra2 31. Re2 Rea8 32. Kg2 Ra1 33. Rb4
R8a4 34. f3 gxf3+ 35. Kxf3 Rf1+ 36. Nf2 Ba5 37. Rb3 Bc7 38. Kg2 Raa1 39. Nd3
Rg1+ 40. Kf3 Rg5 41. Ke3 Rh5 42. Rb4 Rh1 43. Rg4 g5 44. Rf2 R1xh2 45. Rf6+ Kd7
46. Rf7+ Ke6 47. Rf3 Rxc2 48. Rb4 Rhh2 49. Rf2 Rh3+ 50. Ke4 Rxf2 51. Nxf2 Rh4+
52. Kf3 Rf4+ 53. Ke3 Rxb4 54. cxb4 Kd5 55. Kd3 h5 56. Ne4 Bd8 57. Nc3+ Kc6 58.
Ke4 g4 59. Ne2 h4 60. Kxe5 h3 0-1

[Event "49th Capablanca Premier 2014"]
[Site "Havana CUB"]
[Date "2014.05.12"]
[Round "5.1"]
[White "Bogner, Sebastian"]
[Black "Cordova, Emilio"]
[Result "1-0"]
[WhiteTitle "GM"]
[BlackTitle "GM"]
[WhiteElo "2593"]
[BlackElo "2616"]
[WhiteFideId "4692055"]
[BlackFideId "3801497"]
[EventDate "2014.05.08"]

1. d4 Nf6 2. c4 c5 3. d5 a6 4. a4 e5 5. Nc3 Bd6 6. e4 Bc7 7. Bd3 d6 8. Nge2 Ba5
9. O-O Nbd7 10. Qc2 h6 11. Ng3 g5 12. Nf5 Nf8 13. g3 Ng6 14. f3 Bxf5 15. exf5
Ne7 16. f4 gxf4 17. gxf4 Rg8+ 18. Kh1 Bxc3 19. Qxc3 Nh5 20. fxe5 Nxd5 21. Qe1
Nb4 22. exd6+ Kd7 23. Ra3 Re8 24. Qf2 Qb6 25. f6 Re5 26. Bf5+ Kxd6 27. Rh3 Rg8
28. Qf3 Nc6 29. Qxh5 Nd4 30. Bf4 Qc6+ 31. Rhf3 Rg5 32. Qxf7 1-0

[Event "49th Capablanca Premier 2014"]
[Site "Havana CUB"]
[Date "2014.05.12"]
[Round "5.2"]
[White "Hevia Alejano, Carlos Antonio"]
[Black "Sambuev, Bator"]
[Result "1-0"]
[WhiteTitle "IM"]
[BlackTitle "GM"]
[WhiteElo "2530"]
[BlackElo "2562"]
[WhiteFideId "3508811"]
[BlackFideId "4128290"]
[EventDate "2014.05.08"]

1. e4 e6 2. d4 d5 3. Nc3 Bb4 4. e5 c5 5. a3 Ba5 6. b4 cxd4 7. Qg4 Ne7 8. bxa5
dxc3 9. Qxg7 Rg8 10. Qxh7 Nbc6 11. Nf3 Qc7 12. Bf4 Bd7 13. a6 O-O-O 14. axb7+
Kb8 15. Bd3 f5 16. Bg5 Rxg5 17. Nxg5 Qxe5+ 18. Kf1 Qf6 19. f4 e5 20. Nf7 e4 21.
Nxd8 Nxd8 22. Be2 d4 23. h4 Ne6 24. Rh3 Nxf4 25. Rg3 d3 26. cxd3 exd3 27. Bxd3
Nxd3 28. Qg7 Qd6 29. Rb1 Be8 30. Qh8 Nc6 31. Qxe8+ Nd8 32. Qe3 c2 33. Ra1 Qf6
34. Qxd3 Qxa1+ 35. Kf2 c1=Q 36. Qxd8+ Kxb7 37. Qd7+ Ka6 38. Qd6+ Kb5 39. Rb3+ 1-0

[Event "49th Capablanca Premier 2014"]
[Site "Havana CUB"]
[Date "2014.05.12"]
[Round "5.3"]
[White "Ortiz Suarez, Isan Reynaldo"]
[Black "Quesada Perez, Yuniesky"]
[Result "1/2-1/2"]
[WhiteTitle "GM"]
[BlackTitle "GM"]
[WhiteElo "2588"]
[BlackElo "2642"]
[WhiteFideId "3507165"]
[BlackFideId "3504409"]
[EventDate "2014.05.08"]

1. c4 Nf6 2. Nc3 e5 3. Nf3 Nc6 4. e3 Bb4 5. Qc2 Bxc3 6. Qxc3 Qe7 7. a3 d5 8.
cxd5 Nxd5 9. Qb3 Nb6 10. d3 a5 11. Qc2 a4 12. Bd2 Be6 13. Rc1 O-O 14. Be2 f6 15.
O-O Rfd8 16. h3 1/2-1/2